| 000 | 00343nam a22001217a 4500 | ||
|---|---|---|---|
| 008 | 160423b xxu||||| |||| 00| 0 eng d | ||
| 020 | _a9780323002592 | ||
| 020 | _a0323002595 | ||
| 041 | _aeng | ||
| 080 | _a618.2 | ||
| 245 |
_aMedical surgical nursing: _cSharon Mantik Lewis; Margaret MeLean Heitkemper; Shannon Ruff Dirksen; |
||
| 942 |
_2udc _cBK |
||
| 999 |
_c1559 _d1559 |
||